| 000 | 01464nam a2200421 c 4500 | ||
|---|---|---|---|
| 100 | 1 |
_923391 _aSanguineti Raymond, Wilfredo |
|
| 999 |
_c48863 _d48863 |
||
| 001 | 48863 | ||
| 003 | ES-MaCES | ||
| 005 | 20170213134050.0 | ||
| 008 | 170210s2016 sp | 000 | spa d | ||
| 017 |
_aGR 1501-2016 _bDL |
||
| 020 | _a9788490454763 | ||
| 040 |
_aES-MaCES _bspa _cES-MaCES |
||
| 245 | 1 | 0 |
_aRedes empresariales y Derecho del trabajo _cWilfredo Sanguineti Raymond ; pr. de Luca Nogler |
| 260 |
_aGranada _bComares _c2016 |
||
| 300 |
_aXVIII, 173 p. _c24 cm |
||
| 490 | 1 |
_aColección Trabajo y Seguridad Social _v101 |
|
| 490 | 1 | _aBiblioteca Comares de ciencia jurídica | |
| 500 | _aÍndice de sentencias: p. 171-173 | ||
| 504 | _aBibliografía: p. 163-169 | ||
| 541 | _cCompra | ||
| 650 | 4 |
_aempresa _928178 |
|
| 650 | 4 |
_ared de apoyo empresarial _930593 |
|
| 650 | 4 |
_acooperación empresarial _931742 |
|
| 650 | 4 |
_arelaciones laborales _928369 |
|
| 650 | 4 |
_acontrato de trabajo _928316 |
|
| 650 | 4 |
_acondiciones de empleo _930040 |
|
| 650 | 4 |
_aderechos de los trabajadores _929924 |
|
| 650 | 4 |
_aderecho del trabajo _927165 |
|
| 650 | 4 |
_aEspaña _926964 |
|
| 650 | 4 |
_arégimen jurídico _929894 |
|
| 653 | 1 | 0 | _aDerecho del trabajo y Seguridad Social |
| 700 | 1 |
_919689 _aNogler, Luca _epr. |
|
| 830 | 0 |
_aColección Trabajo y Seguridad Social _v101 _933762 |
|
| 830 | 0 |
_aBiblioteca Comares de ciencia jurídica _932174 |
|
| 902 | _aLIB Libro | ||
| 942 |
_2CES _cBK _h6.0.1. |
||